[Event "GBR-ch blitz (Women)"]
[Site "Birmingham"]
[Date "2019.11.16"]
[Round "14"]
[White "Gamal, Alaa"]
[Black "Arora, Prachi"]
[Result "1-0"]
[WhiteElo "1709"]
[BlackElo "1577"]
[PlyCount "75"]
[EventDate "2019.11.16"]
[EventType "tourn (blitz)"]
[EventRounds "15"]
[EventCountry "ENG"]
[SourceTitle "BritBase"]
[Source "John Saunders"]
[SourceDate "2024.03.28"]
[SourceVersion "1"]
[SourceVersionDate "2024.03.28"]
[SourceQuality "1"]

1. c4 e5 2. g3 Nc6 3. Bg2 Nf6 4. Nc3 Bc5 5. e3 d6 6. Nge2 Bf5 7. d4 exd4 8.
exd4 Bb6 9. O-O O-O 10. a3 Bg4 11. h3 Bh5 12. g4 Bg6 13. Bg5 h6 14. Bh4 Re8 15.
b4 a6 16. c5 dxc5 17. dxc5 Qxd1 18. Raxd1 Ba7 19. Bxf6 gxf6 20. Nf4 Rad8 21.
Nfd5 Ne5 22. Nxf6+ Kf8 23. Nxe8 Rxe8 24. Bxb7 c6 25. f4 Nc4 26. Rfe1 Rxe1+ 27.
Rxe1 Nd2 28. Kf2 Bb8 29. f5 Bh7 30. Bxc6 Bc7 31. Re8+ Kg7 32. Ke2 Nc4 33. Ne4
Nxa3 34. Re7 Bf4 35. Bd5 Kf8 36. Rxf7+ Kg8 37. Nf6+ Kh8 38. Rxh7# 1-0

[Event "GBR-ch blitz (Women)"]
[Site "Birmingham"]
[Date "2019.11.16"]
[Round "14"]
[White "Head, Louise"]
[Black "Orlovska, Madara"]
[Result "0-1"]
[WhiteElo "1844"]
[BlackElo "2094"]
[PlyCount "82"]
[EventDate "2019.11.16"]
[EventType "tourn (blitz)"]
[EventRounds "15"]
[EventCountry "ENG"]
[SourceTitle "BritBase"]
[Source "John Saunders"]
[SourceDate "2024.03.28"]
[SourceVersion "1"]
[SourceVersionDate "2024.03.28"]
[SourceQuality "1"]

1. d4 Nf6 2. c4 g6 3. Nc3 Bg7 4. e4 d6 5. Nf3 O-O 6. Be2 e5 7. Be3 Nc6 8. d5
Ne7 9. Nd2 Nd7 10. b4 a5 11. a3 f5 12. f3 f4 13. Bf2 g5 14. Nb3 b6 15. bxa5
bxa5 16. a4 Ng6 17. c5 Ba6 18. Bxa6 Rxa6 19. cxd6 cxd6 20. Qe2 Ra8 21. Nb5 Rb8
22. Qd2 g4 23. Qxa5 Qe7 24. Nd2 Nh4 25. Rg1 Nc5 26. Bxc5 dxc5 27. Qc7 Qxc7 28.
Nxc7 Rb2 29. fxg4 f3 30. gxf3 Bh6 31. g5 Bg7 32. Rg3 Rfb8 33. Ne6 Bf8 34. Nxf8
Kxf8 35. Nc4 Rxh2 36. Rd1 Rb4 37. Nd2 Rxa4 38. Rg1 Ra2 39. Rf1 Ng2+ 40. Ke2
Nf4+ 41. Ke3 Re2# 0-1

[Event "GBR-ch blitz (Women)"]
[Site "Birmingham"]
[Date "2019.11.16"]
[Round "14"]
[White "Milewska, Agnieszka"]
[Black "Supatan, Dawn"]
[Result "1-0"]
[WhiteElo "1677"]
[BlackElo "1596"]
[PlyCount "65"]
[EventDate "2019.11.16"]
[EventType "tourn (blitz)"]
[EventRounds "15"]
[EventCountry "ENG"]
[SourceTitle "BritBase"]
[Source "John Saunders"]
[SourceDate "2024.03.28"]
[SourceVersion "1"]
[SourceVersionDate "2024.03.28"]
[SourceQuality "1"]

1. d4 e6 2. c4 d5 3. e3 c5 4. Nc3 Nc6 5. dxc5 Bxc5 6. cxd5 exd5 7. Qxd5 Qxd5 8.
Nxd5 Bb6 9. Nxb6 axb6 10. Nf3 Nf6 11. Bc4 Bf5 12. O-O O-O 13. b3 Rad8 14. Bb2
Nd5 15. Rfd1 Nc7 16. h3 Rfe8 17. Bd4 Nxd4 18. Nxd4 Bg6 19. Nb5 Rxd1+ 20. Rxd1
Nxb5 21. Bxb5 Rc8 22. Rd7 h6 23. Bc4 Be4 24. Bxf7+ Kh7 25. Bd5 Bxd5 26. Rxd5
Rc2 27. Rb5 Rxa2 28. Rxb6 Rb2 29. Rxb7 Kg6 30. b4 h5 31. b5 Kf5 32. Rxg7 Rxb5
33. g4+ 1-0

[Event "GBR-ch blitz (Women)"]
[Site "Birmingham"]
[Date "2019.11.16"]
[Round "14"]
[White "Posadas, Rayelynn"]
[Black "Toma, Katarzyna"]
[Result "0-1"]
[WhiteElo "1815"]
[BlackElo "2210"]
[PlyCount "79"]
[EventDate "2019.11.16"]
[EventType "tourn (blitz)"]
[EventRounds "15"]
[EventCountry "ENG"]
[SourceTitle "BritBase"]
[Source "John Saunders"]
[SourceDate "2024.03.28"]
[SourceVersion "1"]
[SourceVersionDate "2024.03.28"]
[SourceQuality "1"]

1. d4 Nf6 2. Nf3 g6 3. b3 Bg7 4. Bb2 O-O 5. Nc3 d5 6. e3 Nbd7 7. h3 c5 8. Be2
cxd4 9. exd4 Nb8 10. O-O Nc6 11. Bc1 Bf5 12. Bf4 Nb4 13. Bd3 Bxd3 14. cxd3 Rc8
15. Ne2 Qb6 16. a3 Nc6 17. b4 Nh5 18. Be3 a5 19. bxa5 Qxa5 20. Qb3 Rc7 21. Bd2
Qa6 22. Be3 Rfc8 23. Rfc1 e6 24. g4 Nf6 25. Nf4 Nd7 26. Ne2 Nb6 27. a4 Bf8 28.
Kg2 Na5 29. Qb5 Qxb5 30. axb5 Rxc1 31. Rxc1 Rxc1 32. Nxc1 Na4 33. Ne5 Bd6 34.
f4 Nc3 35. b6 Na4 36. Nd7 f5 37. Bd2 Nc6 38. Be3 Kf7 39. Ne5+ Bxe5 40. dxe5 0-1

[Event "GBR-ch blitz (Women)"]
[Site "Birmingham"]
[Date "2019.11.16"]
[Round "14"]
[White "Sheikh, Samia Zannat"]
[Black "Norinkeviciute, Rasa"]
[Result "1-0"]
[WhiteElo "1595"]
[BlackElo "1946"]
[PlyCount "141"]
[EventDate "2019.11.16"]
[EventType "tourn (blitz)"]
[EventRounds "15"]
[EventCountry "ENG"]
[SourceTitle "BritBase"]
[Source "John Saunders"]
[SourceDate "2024.03.28"]
[SourceVersion "1"]
[SourceVersionDate "2024.03.28"]
[SourceQuality "1"]

1. d4 d6 2. c4 Nf6 3. Nc3 Nbd7 4. Nf3 c6 5. Bg5 e5 6. dxe5 dxe5 7. e3 Qc7 8.
Be2 Be7 9. Qc2 h6 10. Bh4 Nf8 11. Bg3 N8d7 12. h3 a6 13. O-O Rg8 14. Nd4 g6 15.
Nf3 Bc5 16. Ne4 Be7 17. Nxf6+ Bxf6 18. Rfd1 Kf8 19. Nd2 Kg7 20. Ne4 Be7 21. c5
Nf6 22. Nd6 Nd7 23. Qc3 f6 24. f4 Kh7 25. fxe5 fxe5 26. Bxe5 Nxe5 27. Qxe5 Bf8
28. Bc4 Qg7 29. Qxg7+ Rxg7 30. e4 Be7 31. Rd2 Bg5 32. Rd3 Bd7 33. Nf7 Be8 34.
Nxg5+ hxg5 35. Rad1 Re7 36. Re3 Re5 37. g4 Kg7 38. Kg2 Bf7 39. Rd7 Rf8 40. Rf3
Rxc5 41. Rfxf7+ Rxf7 42. Rxf7+ Kh6 43. Bb3 Re5 44. Kf3 b5 45. Rf8 c5 46. Rh8+
Kg7 47. Ra8 c4 48. Bc2 Re6 49. b3 Kf6 50. bxc4 bxc4 51. Rc8 Ke5 52. Rxc4 Rb6
53. Rc5+ Kf6 54. Bb3 Rb8 55. e5+ Ke7 56. Ke4 Rb4+ 57. Kd5 Rb7 58. Rc6 Rd7+ 59.
Ke4 Rd2 60. e6 Re2+ 61. Kf3 Rh2 62. Kg3 Re2 63. Rc7+ Kd8 64. Rg7 Re3+ 65. Kg2
Re2+ 66. Kf3 Rh2 67. e7+ Kd7 68. Ba4+ Kd6 69. e8=Q Rxh3+ 70. Kg2 Re3 71. Rd7+
1-0

[Event "GBR-ch blitz (Women)"]
[Site "Birmingham"]
[Date "2019.11.16"]
[Round "14"]
[White "Smith, Madeleine"]
[Black "Jina, Asha"]
[Result "1-0"]
[WhiteElo "1354"]
[BlackElo "1510"]
[PlyCount "53"]
[EventDate "2019.11.16"]
[EventType "tourn (blitz)"]
[EventRounds "15"]
[EventCountry "ENG"]
[SourceTitle "BritBase"]
[Source "John Saunders"]
[SourceDate "2024.03.28"]
[SourceVersion "1"]
[SourceVersionDate "2024.03.28"]
[SourceQuality "1"]

1. e4 e6 2. d4 d5 3. exd5 exd5 4. c4 c6 5. Nc3 Bd6 6. cxd5 cxd5 7. Nxd5 Nc6 8.
Nf3 Nge7 9. Nc3 Bg4 10. Be3 O-O 11. Bc4 Nf5 12. O-O Bxf3 13. Qxf3 Nfxd4 14. Qg4
Kh8 15. Rad1 Ne6 16. Bxe6 fxe6 17. Qxe6 Bc7 18. Rxd8 Raxd8 19. Qg4 Ne5 20. Qg5
Nf7 21. Qb5 Nd6 22. Qb4 Rc8 23. Qg4 Nf5 24. Nd5 Be5 25. Rc1 Nxe3 26. Rxc8 Rxc8
27. Qxc8# 1-0

[Event "GBR-ch blitz (Women)"]
[Site "Birmingham"]
[Date "2019.11.16"]
[Round "14"]
[White "Somton, Anita"]
[Black "Raghavendra, Mahima"]
[Result "0-1"]
[WhiteElo "1593"]
[BlackElo "1486"]
[PlyCount "74"]
[EventDate "2019.11.16"]
[EventType "tourn (blitz)"]
[EventRounds "15"]
[EventCountry "ENG"]
[SourceTitle "BritBase"]
[Source "John Saunders"]
[SourceDate "2024.03.28"]
[SourceVersion "1"]
[SourceVersionDate "2024.03.28"]
[SourceQuality "1"]

1. d4 d5 2. Nf3 Nf6 3. c4 e6 4. g3 c6 5. Bg2 Nbd7 6. O-O Be7 7. Qc2 O-O 8. b3
c5 9. Bb2 Rb8 10. Nbd2 b6 11. dxc5 Nxc5 12. Rad1 Bb7 13. cxd5 exd5 14. Nd4 Qc8
15. N2f3 Nce4 16. Qd2 Nxd2 17. Nxd2 Bc5 18. Rc1 Qg4 19. e3 Ne4 20. N2f3 Bxd4
21. Bxd4 Ng5 22. Ne5 Qe6 23. h4 Ne4 24. Kh2 Rbc8 25. Bh3 f5 26. g4 Rxc1 27.
Rxc1 Nxf2 28. gxf5 Qh6 29. Nf3 Nxh3 30. Kxh3 Rxf5 31. Kg2 Qg6+ 32. Ng5 h6 33.
Rc7 Rxg5+ 34. hxg5 Qxg5+ 35. Kf2 Qh4+ 36. Ke2 Qh2+ 37. Kd3 Qxc7 0-1

[Event "GBR-ch blitz (Women)"]
[Site "Birmingham"]
[Date "2019.11.16"]
[Round "15"]
[White "Arora, Prachi"]
[Black "Sheikh, Samia Zannat"]
[Result "0-1"]
[WhiteElo "1577"]
[BlackElo "1595"]
[PlyCount "96"]
[EventDate "2019.11.16"]
[EventType "tourn (blitz)"]
[EventRounds "15"]
[EventCountry "ENG"]
[SourceTitle "BritBase"]
[Source "John Saunders"]
[SourceDate "2024.03.28"]
[SourceVersion "1"]
[SourceVersionDate "2024.03.28"]
[SourceQuality "1"]

1. e4 c5 2. Nf3 g6 3. Nc3 Bg7 4. Bc4 Nc6 5. Ng5 e6 6. d3 a6 7. a3 Nf6 8. O-O
O-O 9. Qf3 Ne5 10. Qh3 Nxc4 11. dxc4 h6 12. Nf3 g5 13. e5 Nh7 14. Be3 Qc7 15.
Rad1 f5 16. Na4 g4 17. Qg3 gxf3 18. Qxf3 b6 19. Qg3 Qxe5 20. Qxe5 Bxe5 21. Bxh6
Rf6 22. Be3 Bc7 23. Rd2 Rg6 24. Rfd1 Nf6 25. g3 Ne4 26. Re2 d6 27. Nc3 Nxc3 28.
bxc3 b5 29. cxb5 axb5 30. h4 Bb7 31. Bg5 Bf3 32. Red2 Bxd1 33. Rxd1 Rxa3 34. c4
bxc4 35. Re1 e5 36. f4 Rxg3+ 37. Kf2 exf4 38. Bxf4 Rg2+ 39. Kf3 Rxc2 40. Ke3
Rc3+ 41. Kd2 Rd3+ 42. Kc2 Rg2+ 43. Kb1 Rb3+ 44. Kc1 Rbb2 45. Re8+ Kf7 46. Re1
Ra2 47. Kd1 Ra1+ 48. Bc1 Ba5 0-1

[Event "GBR-ch blitz (Women)"]
[Site "Birmingham"]
[Date "2019.11.16"]
[Round "15"]
[White "Jina, Asha"]
[Black "Milewska, Agnieszka"]
[Result "0-1"]
[WhiteElo "1510"]
[BlackElo "1677"]
[PlyCount "82"]
[EventDate "2019.11.16"]
[EventType "tourn (blitz)"]
[EventRounds "15"]
[EventCountry "ENG"]
[SourceTitle "BritBase"]
[Source "John Saunders"]
[SourceDate "2024.03.28"]
[SourceVersion "1"]
[SourceVersionDate "2024.03.28"]
[SourceQuality "1"]

1. e4 e5 2. Nf3 Nc6 3. Bb5 d6 4. d3 Bg4 5. O-O a6 6. Ba4 b5 7. Bb3 Nf6 8. c3
Be7 9. Nbd2 O-O 10. Re1 Na5 11. Bc2 Nb7 12. Nf1 h6 13. Ng3 Nh7 14. h3 Bxf3 15.
Qxf3 Bg5 16. Bxg5 Nxg5 17. Qg4 Qf6 18. Nf5 Nc5 19. f4 exf4 20. Qxf4 Nce6 21.
Qg4 Rfe8 22. Rf1 Qg6 23. Nh4 h5 24. Qg3 Qh6 25. Qf2 f6 26. Bb3 c5 27. Nf5 Qg6
28. Kh2 Kh7 29. Nxd6 Red8 30. Nf5 Ra7 31. Nh4 Qf7 32. Qf5+ g6 33. Qf2 Re7 34.
Rad1 Rf8 35. Nf3 Nxf3+ 36. Qxf3 Qe8 37. Qe3 Ng5 38. Qxc5 Rd7 39. Qb6 Qe5+ 40.
Kg1 Qg3 41. Be6 Re7 0-1

[Event "GBR-ch blitz (Women)"]
[Site "Birmingham"]
[Date "2019.11.16"]
[Round "15"]
[White "Mirza, Diana"]
[Black "Gamal, Alaa"]
[Result "1/2-1/2"]
[WhiteElo "1772"]
[BlackElo "1709"]
[PlyCount "145"]
[EventDate "2019.11.16"]
[EventType "tourn (blitz)"]
[EventRounds "15"]
[EventCountry "ENG"]
[SourceTitle "BritBase"]
[Source "John Saunders"]
[SourceDate "2024.03.28"]
[SourceVersion "1"]
[SourceVersionDate "2024.03.28"]
[SourceQuality "1"]

1. d4 Nf6 2. Nf3 g6 3. Nbd2 Bg7 4. e4 d6 5. Bd3 c5 6. c3 O-O 7. O-O Bg4 8. h3
Bd7 9. Nb3 Qc7 10. Qe2 a6 11. Bf4 b5 12. dxc5 e5 13. cxd6 Qxd6 14. Bxe5 Qb6 15.
Bd4 Qc7 16. e5 Nd5 17. Be4 Bc6 18. Qc2 Nd7 19. Rad1 Nf4 20. Bxc6 Qxc6 21. Rfe1
Ne6 22. Qe4 Qc7 23. Qd5 Rad8 24. Qd6 Qb7 25. Na5 Qa8 26. Nc6 Nxe5 27. Nxd8
Nxf3+ 28. gxf3 Rxd8 29. Qg3 Nxd4 30. cxd4 Qd5 31. Re4 Qxa2 32. Qc7 Qd5 33. Qe7
Bf8 34. Qe5 Qb3 35. d5 Qxd1+ 36. Kg2 Qxd5 37. Qc7 Rd7 38. Qc8 Rd8 39. Qc7 Qg5+
40. Rg4 Qe7 41. Qc6 Qc5 42. Qxa6 Rc8 43. Qf6 b4 44. Rd4 Qe7 45. Qa6 Rd8 46. Re4
Qg5+ 47. Rg4 Qc1 48. Qf6 Rc8 49. Rf4 Rc7 50. Qd8 Re7 51. Rxb4 Qg5+ 52. Rg4 Qc5
53. Ra4 Qc1 54. Ra8 Qg5+ 55. Kf1 Qc1+ 56. Kg2 Qg5+ 57. Kh2 Qf4+ 58. Kg2 Qg5+
59. Kf1 Qc1+ 60. Kg2 Qg5+ 61. Kh2 Qe5+ 62. Kg2 Qg5+ 63. Kf1 Qc1+ 64. Kg2 Qg5+
65. Kf1 Qc1+ 66. Kg2 Qg5+ 67. Kf1 Qc1+ 68. Kg2 Qg5+ 69. Kf1 Qb5+ 70. Kg2 Qg5+
71. Kf1 Qc1+ 72. Kg2 Qg5+ 73. Kf1 1/2-1/2

[Event "GBR-ch blitz (Women)"]
[Site "Birmingham"]
[Date "2019.11.16"]
[Round "15"]
[White "Norinkeviciute, Rasa"]
[Black "Posadas, Rayelynn"]
[Result "0-1"]
[WhiteElo "1946"]
[BlackElo "1815"]
[PlyCount "98"]
[EventDate "2019.11.16"]
[EventType "tourn (blitz)"]
[EventRounds "15"]
[EventCountry "ENG"]
[SourceTitle "BritBase"]
[Source "John Saunders"]
[SourceDate "2024.03.28"]
[SourceVersion "1"]
[SourceVersionDate "2024.03.28"]
[SourceQuality "1"]

1. d4 g6 2. Bf4 Bg7 3. e3 Nf6 4. Nf3 d6 5. Bd3 Nbd7 6. c3 O-O 7. Qc2 c6 8. Nbd2
b5 9. h4 Nh5 10. Bh2 a6 11. g4 Nhf6 12. Rg1 Nb6 13. g5 Nh5 14. a3 c5 15. dxc5
dxc5 16. Be4 Ra7 17. O-O-O Rd7 18. Nb3 c4 19. Nbd4 Qe8 20. Bc6 e5 21. Ne2 Rxd1+
22. Rxd1 Qxc6 23. Neg1 Bg4 24. e4 Nf4 25. Bxf4 exf4 26. Nd4 Bxd4 27. Rxd4 Re8
28. f3 Be6 29. Ne2 Qc7 30. Qd2 Nd7 31. Nxf4 Nc5 32. Qe3 Nb3+ 33. Kc2 Nxd4+ 34.
cxd4 Rd8 35. d5 Bd7 36. Ne2 Qe5 37. Nd4 a5 38. f4 Qc7 39. e5 Qc5 40. Qe4 Bf5
41. Nxf5 gxf5 42. Qxf5 Rxd5 43. g6 Qf2+ 44. Kb1 hxg6 45. Qc8+ Kg7 46. Qg4 Rd2
47. Ka1 Rxb2 48. Qd1 Ra2+ 49. Kb1 Qb2# 0-1

[Event "GBR-ch blitz (Women)"]
[Site "Birmingham"]
[Date "2019.11.16"]
[Round "15"]
[White "Orlovska, Madara"]
[Black "Smith, Madeleine"]
[Result "1-0"]
[WhiteElo "2094"]
[BlackElo "1354"]
[PlyCount "61"]
[EventDate "2019.11.16"]
[EventType "tourn (blitz)"]
[EventRounds "15"]
[EventCountry "ENG"]
[SourceTitle "BritBase"]
[Source "John Saunders"]
[SourceDate "2024.03.28"]
[SourceVersion "1"]
[SourceVersionDate "2024.03.28"]
[SourceQuality "1"]

1. d4 d5 2. Nc3 Nf6 3. Bf4 c5 4. e3 e6 5. f3 Nc6 6. Qd2 Bd6 7. Bg5 O-O 8. O-O-O
a5 9. a4 Nb4 10. Nb5 Be7 11. Bf4 Bd7 12. g4 Bxb5 13. Bxb5 cxd4 14. exd4 Qc8 15.
Kb1 Nc6 16. h4 Bb4 17. c3 Be7 18. h5 Na7 19. Bd3 Qc6 20. Bc2 Bd6 21. Bg5 Be7
22. Bf4 b5 23. g5 Nd7 24. g6 fxg6 25. hxg6 h6 26. Bxh6 Bf6 27. Bf4 Rfe8 28. Qh2
Kf8 29. Bd6+ Qxd6 30. Qxd6+ Be7 31. Rh8# 1-0

[Event "GBR-ch blitz (Women)"]
[Site "Birmingham"]
[Date "2019.11.16"]
[Round "15"]
[White "Raghavendra, Mahima"]
[Black "Head, Louise"]
[Result "0-1"]
[WhiteElo "1486"]
[BlackElo "1844"]
[PlyCount "140"]
[EventDate "2019.11.16"]
[EventType "tourn (blitz)"]
[EventRounds "15"]
[EventCountry "ENG"]
[SourceTitle "BritBase"]
[Source "John Saunders"]
[SourceDate "2024.03.28"]
[SourceVersion "1"]
[SourceVersionDate "2024.03.28"]
[SourceQuality "1"]

1. e4 c6 2. d4 d5 3. exd5 cxd5 4. c4 Nf6 5. Nc3 e6 6. Nf3 Be7 7. Bd3 dxc4 8.
Bxc4 O-O 9. O-O a6 10. Bf4 b5 11. Bd3 Bb7 12. Rc1 Nbd7 13. Re1 Rc8 14. Bb1 b4
15. Ne4 Nxe4 16. Bxe4 Bxe4 17. Rxe4 Nf6 18. Re1 Nd5 19. Bg3 Bf6 20. Ne5 Nb6 21.
Nc6 Qd7 22. Nxb4 Rxc1 23. Qxc1 Qxd4 24. Nxa6 Ra8 25. Rd1 Qa4 26. Nc5 Qxa2 27.
Ne4 Bxb2 28. Qc6 Qa4 29. Qxa4 Nxa4 30. Rd2 h6 31. h3 Rc8 32. Nd6 Rd8 33. Nc4
Rxd2 34. Nxd2 Nc3 35. Kf1 Nd5 36. Ke2 g5 37. Bh2 Kg7 38. g4 Kg6 39. Ne4 Nf4+
40. Kf3 Nxh3 41. Nd6 Bc1 42. Nc4 Bf4 43. Ne5+ Kf6 44. Bxf4 Nxf4 45. Nc4 Nd5 46.
Nd6 Kg6 47. Ne4 f5 48. gxf5+ exf5 49. Nd6 Nf6 50. Nc4 g4+ 51. Kg3 Kg5 52. Ne5
f4+ 53. Kg2 h5 54. Nf7+ Kf5 55. Nh6+ Kg6 56. Nxg4 hxg4 57. f3 g3 58. Kh3 Kg5
59. Kg2 Nd5 60. Kh3 Nc3 61. Kg2 Nb5 62. Kh3 Nd4 63. Kg2 Kf5 64. Kh3 Nxf3 65.
Kg2 Ng5 66. Kg1 f3 67. Kh1 Kg4 68. Kg1 Nh3+ 69. Kh1 g2+ 70. Kh2 g1=Q# 0-1

[Event "GBR-ch blitz (Women)"]
[Site "Birmingham"]
[Date "2019.11.16"]
[Round "15"]
[White "Supatan, Dawn"]
[Black "Arakhamia-Grant, Ketevan"]
[Result "0-1"]
[WhiteElo "1596"]
[BlackElo "2218"]
[PlyCount "31"]
[EventDate "2019.11.16"]
[EventType "tourn (blitz)"]
[EventRounds "15"]
[EventCountry "ENG"]
[SourceTitle "BritBase"]
[Source "John Saunders"]
[SourceDate "2024.03.28"]
[SourceVersion "1"]
[SourceVersionDate "2024.03.28"]
[SourceQuality "1"]

1. e4 c5 2. Nf3 Nc6 3. c3 d5 4. e5 d4 5. Bb5 Bd7 6. O-O e6 7. Qe2 a6 8. Bxc6
Bxc6 9. cxd4 cxd4 10. d3 Ne7 11. Bf4 Nf5 12. Nbd2 Be7 13. Nb3 g5 14. Bd2 Qd5
15. h3 h5 16. Rac1 0-1

[Event "GBR-ch blitz (Women)"]
[Site "Birmingham"]
[Date "2019.11.16"]
[Round "15"]
[White "Toma, Katarzyna"]
[Black "Somton, Anita"]
[Result "1-0"]
[WhiteElo "2210"]
[BlackElo "1593"]
[PlyCount "99"]
[EventDate "2019.11.16"]
[EventType "tourn (blitz)"]
[EventRounds "15"]
[EventCountry "ENG"]
[SourceTitle "BritBase"]
[Source "John Saunders"]
[SourceDate "2024.03.28"]
[SourceVersion "1"]
[SourceVersionDate "2024.03.28"]
[SourceQuality "1"]

1. e4 c6 2. d4 d5 3. e5 Bf5 4. Nc3 e6 5. g4 Bg6 6. Nge2 c5 7. Be3 cxd4 8. Nxd4
Nc6 9. f4 Nxd4 10. Bxd4 Ne7 11. Bf2 Nc6 12. a3 Be7 13. Bd3 Bxd3 14. Qxd3 O-O
15. O-O-O f6 16. exf6 Bxf6 17. Ne2 Qd6 18. Rhe1 Rad8 19. Kb1 b6 20. Bg3 Qd7 21.
h4 Na5 22. Nd4 Bxd4 23. Qxd4 Nc4 24. h5 Qb5 25. Ka2 Qc6 26. h6 Rf7 27. hxg7
Rxg7 28. Bh4 Re8 29. Bf6 Rf7 30. g5 Nd6 31. c3 Nf5 32. Qf2 Qc4+ 33. Ka1 b5 34.
Re5 Ne7 35. Rxe6 d4 36. Rde1 dxc3 37. Bxe7 c2 38. Qd2 Qb3 39. Qc1 Rfxe7 40.
Rxe7 Rxe7 41. Rxe7 Qc4 42. Re1 Qd3 43. Rg1 Kg7 44. Rg2 Kg6 45. Rxc2 Qb3 46.
Rc6+ Kf5 47. Qd2 Qf3 48. Rf6+ Kg4 49. Ka2 Qe4 50. Qd1+ 1-0